Historia de Hungría / (Record no. 87080)

MARC details
000 -LEADER
campo de control de longitud fija 00658nam a2200205 i 4500
001 - NÚMERO DE CONTROL
campo de control 87080
003 - IDENTIFICADOR DE NÚMERO DE CONTROL
campo de control ES-MaACL
005 - FECHA Y HORA DE LA ÚLTIMA TRANSACCIÓN
campo de control 20230906175604.0
007 - CAMPO FIJO DE DESCRIPCIÓN FÍSICA--INFORMACIÓN GENERAL
campo de control de longitud fija t|
008 - DATOS DE LONGITUD FIJA--INFORMACIÓN GENERAL
campo de control de longitud fija 041220s1944 sp ||||1| spa d
100 1# - ENTRADA PRINCIPAL--NOMBRE DE PERSONA
Nombre de persona Kosári, Domingo de.
9 (RLIN) 68620
245 10 - MENCIÓN DEL TÍTULO
Título Historia de Hungría /
Mención de responsabilidad, etc. Domingo de Kosári ; traducción especial para esta biblioteca y prólogo por Héctor del Valle.
260 ## - PUBLICACIÓN, DISTRIBUCIÓN, ETC.
Lugar de publicación, distribución, etc. Madrid :
Nombre del editor, distribuidor, etc. Atlas,
Fecha de publicación, distribución, etc. 1944 (
Fabricante Orbe)
300 ## - DESCRIPCIÓN FÍSICA
Extensión 2 v. ;
Dimensiones 19 cm.
490 1# - MENCIÓN DE SERIE
Mención de serie Cisneros ;
Designación de volumen o secuencia 67 ; 68
700 1# - ENTRADA AGREGADA--NOMBRE PERSONAL
Nombre de persona Valle, Héctor del.
9 (RLIN) 112762
830 0# - PUNTO DE ACCESO ADICIONAL DE SERIE-TÍTULO UNIFORME
Título uniforme Cisneros ;
Designación de volumen o secuencia 67 ; 68
9 (RLIN) 182327
852 ## - LOCALIZACIÓN
Ubicación ES-MaACL
Número de control de estantería C-5130-31
Sublocalización o colección R.25829
Holdings
Estatus retirado Estado de pérdida Estado de daño No para préstamo Biblioteca de origen Biblioteca actual Ubicación en estantería Fecha de adquisición Fuente de adquisición Total de préstamos Signatura topográfica completa Código de barras Visto por última vez Precio de reemplazo Tipo de ítem Koha
        Biblioteca del Ateneo de Madrid Biblioteca del Ateneo de Madrid Sala Palomar 17/01/2008     C-5130-31 1090985 23/02/2023 23/02/2023 Libro impreso